[Event "25th Spring Festival"]
[Site "Budapest HUN"]
[Date "2009.03.23"]
[Round "4"]
[White "Dargan,P"]
[Black "Mester,A"]
[Result "1-0"]
[WhiteElo "2206"]
[BlackElo "2116"]

1.e4 c5 2.c3 Nf6 3.e5 Nd5 4.d4 cxd4 5.Nf3 e6 6.cxd4 Nc6 7.Bc4 Nb6 8.Bd3 d6
9.O-O dxe5 10.dxe5 Be7 11.a3 Nd7 12.Qe2 O-O 13.Rd1 Qe8 14.Nc3 a6 15.Bf4 f5
16.exf6 Nxf6 17.Bg5 Qh5 18.h3 e5 19.Bh4 Nd4 20.Nxd4 Qxh4 21.Nf3 Qh5 22.Bc4+ Kh8
23.Qxe5 Bc5 24.Qxh5 Nxh5 25.Rd5 Ba7 26.Rxh5 g6 27.Rh4  1-0

[Event "3rd Georgi Agzamov Mem"]
[Site "Tashkent AZE"]
[Date "2009.03.24"]
[Round "9"]
[White "Potapov,P"]
[Black "Zhumabayev,R"]
[Result "1-0"]
[WhiteElo "2414"]
[BlackElo "2520"]

1.e4 c5 2.c3 Nf6 3.e5 Nd5 4.Nf3 Nc6 5.Bc4 Nb6 6.Bb3 d5 7.exd6 e6 8.O-O Bxd6
9.d4 O-O 10.Re1 Be7 11.Be3 cxd4 12.cxd4 Nb4 13.Nc3 Bd7 14.a3 N4d5 15.Qd3 Nf6
16.Ne5 Bc6 17.Rac1 Rc8 18.Bc2 Bd5 19.Bg5 g6 20.Qh3 Nh5 21.Bxe7 Qxe7 22.Qe3 Ng7
23.Ng4 Rcd8 24.Qh6 Bc6 25.Rcd1 f6 26.Qh3 f5 27.Ne5 Nd5 28.Nxc6 bxc6 29.Na4 Rd6
30.Nc5 g5 31.Bb3 h5 32.Qd3 Rfd8 33.Qa6 Rb8 34.Bxd5 cxd5 35.Qe2 h4 36.h3 a5
37.b3 Kf7 38.Rc1 Kg6 39.Rc3 Nh5 40.Nxe6 Kh6 41.Rc7 Qf6 42.Nc5 Nf4 43.Qe7  1-0

[Event "Victor Ciocaltea Mem"]
[Site "Bucharest ROM"]
[Date "2009.03.25"]
[Round "3"]
[White "Murariu,A"]
[Black "Miron,L"]
[Result "1/2-1/2"]
[WhiteElo "2490"]
[BlackElo "2443"]

1.e4 c5 2.c3 Nf6 3.e5 Nd5 4.d4 cxd4 5.Nf3 Nc6 6.cxd4 d6 7.Bc4 Nb6 8.Bb5 dxe5
9.Nxe5 Bd7 10.Nxd7 Qxd7 11.Nc3 e6 12.O-O Be7 13.Qg4 O-O 14.Bxc6 bxc6 15.Bh6 Bf6
16.Rfd1 e5 17.Qxd7 Nxd7 18.Be3 exd4 19.Bxd4 Rfd8 20.Kf1 Kf8 21.Na4 Bxd4 22.Rxd4 Nb6
23.Rad1 Ke7 24.Ke2 Rxd4 25.Rxd4 Nd5 26.Kd3 Rb8 27.Kc4 Rb5 28.a3 Nb6+ 29.Nxb6 axb6  1/2-1/2

[Event "Kaissa Men"]
[Site "Kharkiv UKR"]
[Date "2009.03.25"]
[Round "6"]
[White "Kharchenko,B"]
[Black "Efanov,N"]
[Result "1/2-1/2"]
[WhiteElo "2461"]
[BlackElo "2411"]

1.e4 c5 2.c3 Nf6 3.e5 Nd5 4.d4 cxd4 5.Nf3 e6 6.cxd4 d6 7.a3 Bd7 8.Bd3 Bc6
9.O-O Nd7 10.b4 a6 11.Re1 Rc8 12.Bg5 Be7 13.Bxe7 Qxe7 14.Nbd2 Nf4 15.Nc4 dxe5
16.dxe5 O-O 17.Be4 Rfd8 18.Qd6 Kf8 19.Qxe7+ Kxe7 20.Na5 Nb8 21.Nxb7 Bxb7
22.Bxb7 Rc3 23.Kf1 Rd7 24.Be4 Rdc7 25.Nd4 Nd3 26.Bxd3 Rxd3 27.Nf3 Nd7 28.a4 Rb7
29.Rab1 Ra3 30.a5 Ra4 31.Nd4 Nb8 32.b5 axb5 33.Nxb5  1/2-1/2

[Event "Spring Open"]
[Site "Belgrade SRB"]
[Date "2009.03.26"]
[Round "5"]
[White "Vlahovic,S"]
[Black "Kovacevic,Bor"]
[Result "1-0"]
[WhiteElo "2175"]
[BlackElo "1882"]

1.e4 c5 2.c3 Nf6 3.e5 Nd5 4.d4 cxd4 5.cxd4 e6 6.Nc3 Nxc3 7.bxc3 d6 8.Nf3 Be7
9.Bd3 O-O 10.O-O Qc7 11.Bf4 dxe5 12.Bxe5 Bd6 13.Bxh7+ Kxh7 14.Ng5+ Kg6 15.Qg4 f5
16.Qh4 Bxe5 17.dxe5 Qxe5 18.Rae1 Qc7 19.Re3 Qe7 20.Rg3 Kf6 21.Ne4+ Kf7 22.Rxg7+  1-0

[Event "Spring Open"]
[Site "Belgrade SRB"]
[Date "2009.03.26"]
[Round "5"]
[White "Vasic,Du"]
[Black "Milanovic,Ma"]
[Result "0-1"]
[WhiteElo "1945"]
[BlackElo "1713"]

1.e4 c5 2.c3 Nf6 3.e5 Nd5 4.d4 cxd4 5.cxd4 Nc6 6.Nf3 g6 7.Bc4 Nb6 8.Bb3 Bg7
9.Nc3 O-O 10.O-O d6 11.exd6 Qxd6 12.Nb5 Qf6 13.h3 a6 14.Nc7 Rb8 15.Nd5 Nxd5
16.Bxd5 Nxd4 17.Nxd4 Qxd4 18.Qf3 e6 19.Bb3 Qf6 20.Qg3 Bd7 21.Rb1 Bc6 22.Bf4 Rbc8
23.Rfc1 Qf5 24.Qe3 Rfd8 25.g4 Qb5 26.Rd1 Rxd1+ 27.Rxd1 Bxb2 28.Bxe6 Re8 29.Rb1 Rxe6
30.Qd2 Bc3  0-1

[Event "11th Rector Cup Match of Champions"]
[Site "Kharkov UKR"]
[Date "2009.03.26"]
[Round "1"]
[White "Baklan,V"]
[Black "Brodsky,M"]
[Result "1/2-1/2"]
[WhiteElo "2627"]
[BlackElo "2518"]

1.e4 c5 2.c3 Nf6 3.e5 Nd5 4.Nf3 Nc6 5.Bc4 Nb6 6.Bb3 c4 7.Bc2 g6 8.Qe2 Bg7
9.Na3 O-O 10.O-O d6 11.exd6 exd6 12.Nxc4 Re8 13.Ne3 f5 14.a4 Be6 15.a5 Nd7
16.a6 bxa6 17.Qxa6 Nb6 18.d3 d5 19.Bd1 d4 20.cxd4 Nxd4 21.Nxd4 Bxd4 22.Bf3 Rc8
23.Qxa7 f4 24.Nd1 Bd5 25.Bxd5+ Qxd5 26.Nc3 Bxc3 27.bxc3 Ra8 28.Qxb6 Rxa1
29.Qb2 Ra2  1/2-1/2

[Event "11th Rector Cup Match of Champions"]
[Site "Kharkov UKR"]
[Date "2009.03.29"]
[Round "4"]
[White "Vysochin,S"]
[Black "Brodsky,M"]
[Result "1/2-1/2"]
[WhiteElo "2526"]
[BlackElo "2518"]

1.e4 c5 2.c3 Nf6 3.e5 Nd5 4.Nf3 Nc6 5.Bc4 Nb6 6.Bb3 d5 7.exd6 Qxd6 8.O-O c4
9.Bc2 g6 10.Na3 Bg7 11.Qe2 Qe6 12.Qd1 Qd6 13.b3 cxb3 14.axb3 O-O 15.Nc4 Nxc4
16.bxc4 Be6 17.Qe2 Qc5 18.Ra4 Na5 19.Ba3 Qc7 20.c5 Bd5 21.Re1 Rfe8 22.Be4 Bc6
23.Rb4  1/2-1/2

[Event "Open"]
[Site "Reykjavik ISL"]
[Date "2009.03.29"]
[Round "6"]
[White "Finnbogadottir,T"]
[Black "Jonsson,Bjorn2"]
[Result "1/2-1/2"]
[WhiteElo "1660"]
[BlackElo "2012"]

1.e4 c5 2.c3 Nf6 3.e5 Nd5 4.d4 cxd4 5.Nf3 e6 6.cxd4 Nc6 7.Bc4 d6 8.Bxd5 exd5
9.O-O dxe5 10.dxe5 Be7 11.Nc3 Be6 12.Be3 O-O 13.Qe2 Qc7 14.Rac1 Rfd8 15.Rfd1 Rd7
16.a3 Nxe5 17.Nxd5 Nxf3+ 18.Qxf3 Qd8 19.Nc7 Rxd1+ 20.Qxd1 Qxd1+ 21.Rxd1 Bb3
22.Nxa8 Bxd1 23.Bxa7 Bf6 24.b4 Bb2 25.Bc5 Bxa3  1/2-1/2

[Event "Victor Ciocaltea Mem"]
[Site "Bucharest ROM"]
[Date "2009.03.30"]
[Round "8"]
[White "Abasov,N"]
[Black "Murariu,A"]
[Result "1-0"]
[WhiteElo "2397"]
[BlackElo "2490"]

1.e4 c5 2.c3 Nf6 3.e5 Nd5 4.d4 cxd4 5.Nf3 Nc6 6.Bc4 Nb6 7.Bb3 d6 8.exd6 Qxd6
9.O-O Be6 10.Bxe6 Qxe6 11.Nxd4 Nxd4 12.Qxd4 Rd8 13.Qe3 Qxe3 14.Bxe3 Nc4 15.Bxa7 Nxb2
16.Na3 e6 17.Nb5 Na4 18.Bd4 f6 19.Rab1 Bc5 20.Nc7+ Kd7 21.Rxb7 Kc6 22.Rfb1 Bb6
23.R7xb6+ Nxb6 24.Nxe6 Rb8 25.Nxg7 Nd7 26.Re1 Rb2 27.g3 Rxa2 28.Nh5 Rf8 29.Re6+ Kd5
30.Re7 Kd6 31.Rxh7 Ne5 32.Kg2 Ke6 33.Nf4+ Kf5 34.Rh5+ Ke4 35.Ne6 Re8 36.Nc5+ Kd5
37.Nd7 Ra6 38.f4 Kd6 39.Nxf6 Ra2+ 40.Kh3  1-0

[Event "Open"]
[Site "Reykjavik ISL"]
[Date "2009.03.30"]
[Round "7"]
[White "Thorgeirsson,S"]
[Black "Thorhallsson,G"]
[Result "0-1"]
[WhiteElo "2094"]
[BlackElo "2219"]

1.e4 c5 2.c3 Nf6 3.e5 Nd5 4.d4 cxd4 5.Nf3 e6 6.cxd4 b6 7.a3 Be7 8.Bd3 Bb7
9.O-O O-O 10.Re1 f5 11.exf6 Bxf6 12.Ne5 Qe8 13.Nc3 Nxc3 14.bxc3 Nc6 15.Qc2 g6
16.Ng4 Bg7 17.Re3 Rc8 18.Qb1 Ne7 19.Rh3 Rxc3 20.Bb2 Rc7 21.d5 Nxd5 22.Bxg7 Kxg7
23.Qb2+ e5 24.Nxe5 Nf6 25.Re3 Qd8 26.Rae1 d6 27.Nf3 Bxf3 28.gxf3 Rff7 29.Re8 Qd7
30.Qd4 Qc6 31.R8e6 Rcd7 32.f4 Qc5 33.Qb2 Qh5 34.Qd4 Qc5 35.Qb2 d5 36.Rc1 Qf8
37.Qe5 Qxa3 38.Rcc6 Qxd3 39.Rxf6 Qd1+ 40.Kg2 Qg4+ 41.Kh1 Rxf6 42.Qxf6+ Kh6
43.f5 Qe4+ 44.f3 Qxf3+ 45.Kg1 Qe3+ 46.Kf1 Qf4+ 47.Ke1 d4 48.Qf8+ Kh5 49.Kd1 Qf3+  0-1

[Event "Spring Open"]
[Site "Belgrade SRB"]
[Date "2009.03.31"]
[Round "9"]
[White "Vujosevic,D"]
[Black "Dikic,V"]
[Result "0-1"]
[WhiteElo "1966"]
[BlackElo "1665"]

1.e4 c5 2.c3 Nf6 3.e5 Nd5 4.d4 cxd4 5.cxd4 Nc6 6.Nc3 Nb6 7.f4 e6 8.a3 d5
9.Nf3 Bd7 10.Be3 Be7 11.b4 Rc8 12.Rc1 O-O 13.Bd3 Nxb4 14.axb4 Bxb4 15.Bd2 Nc4
16.Bxh7+ Kh8 17.Bd3 Qa5 18.Ng5 g6 19.Bxc4 Rxc4 20.Qf3 Kg7 21.O-O Rxd4 22.Ra1 Qc7
23.Be1 Rc4 24.Ne2 Qb6+ 25.Bf2 d4 26.Qg4 Bc5 27.Ng3 Rh8 28.N5e4 a5 29.Nxc5 Qxc5
30.Ne4 Qb6 31.Nd6 Rb4 32.Bh4 Rh5 33.Be1 d3+ 34.Kh1 Rb1 35.Qf3  0-1

[Event "Victor Ciocaltea Mem"]
[Site "Bucharest ROM"]
[Date "2009.03.31"]
[Round "9"]
[White "Murariu,A"]
[Black "Szabo,G ROM"]
[Result "0-1"]
[WhiteElo "2490"]
[BlackElo "2506"]

1.e4 c5 2.c3 Nf6 3.e5 Nd5 4.d4 cxd4 5.Nf3 e6 6.cxd4 d6 7.Nc3 Nxc3 8.bxc3 Qc7
9.Bd2 Nd7 10.exd6 Bxd6 11.Bd3 b6 12.O-O Bb7 13.Re1 O-O 14.Ne5 Bxe5 15.dxe5 Nc5
16.Bg5 h6 17.Bxh6 gxh6 18.Qg4+ Kh8 19.Qh4 f5 20.Re3 Qh7 21.Rg3 Rad8 22.Bf1 Ne4
23.Rh3 Ng5 24.Rg3 f4 25.Rg4 Rd7 26.Qh5 Be4 27.f3 Nxf3+ 28.gxf3 Bxf3  0-1

[Event "Open"]
[Site "Reykjavik ISL"]
[Date "2009.03.31"]
[Round "8"]
[White "Thorsteinsdottir,H"]
[Black "Cross,T"]
[Result "0-1"]
[WhiteElo "1951"]
[BlackElo "2076"]

1.e4 c5 2.c3 Nf6 3.e5 Nd5 4.d4 cxd4 5.Nf3 Nc6 6.cxd4 d6 7.Bc4 e6 8.O-O Be7
9.exd6 Qxd6 10.Nc3 a6 11.a3 O-O 12.Qd3 Rd8 13.Bg5 Bxg5 14.Ne4 Qe7 15.Nexg5 f5
16.Rfe1 Qf6 17.Rad1 h6 18.Nh3 g5 19.Ne5 Bd7 20.Bxd5 exd5 21.Qb3 Rab8 22.Qxd5+ Be6
23.Qc5 Rd5 24.Qc3 Rc8 25.Nxc6 Rxc6 26.Qe3 f4 27.Qe4 Rcd6 28.f3 Bxh3 29.gxh3 Rd8
30.Qe6+ Qxe6 31.Rxe6 Rxd4 32.Rxd4 Rxd4 33.Rxh6 Rd1+ 34.Kg2 Rd2+ 35.Kg1 Rxb2
36.Rg6+ Kh7 37.Rxg5 Rb3 38.Rf5 Rxf3 39.Kg2 Rxa3 40.Rf7+ Kg6 41.Rxb7 a5 42.Rb5 a4
43.Ra5 Ra1 44.h4 a3 45.Ra6+ Kh5 46.Kh3 f3 47.Ra5+ Kh6 48.Ra6+ Kg7 49.Ra7+ Kf6
50.Ra6+ Ke5 51.Kg3 a2 52.h5 Rg1+  0-1

[Event "Open"]
[Site "Reykjavik ISL"]
[Date "2009.03.31"]
[Round "8"]
[White "Finnbogadottir,T"]
[Black "Moskow,E"]
[Result "0-1"]
[WhiteElo "1660"]
[BlackElo "2225"]

1.e4 c5 2.c3 Nf6 3.e5 Nd5 4.d4 cxd4 5.Nf3 Nc6 6.cxd4 d6 7.Bc4 Nb6 8.Bb3 d5
9.h3 Bf5 10.O-O Bxb1 11.Rxb1 e6 12.Bg5 Qd7 13.a3 h6 14.Be3 Na5 15.Bc2 Nac4
16.a4 Bb4 17.Ra1 a5 18.b3 Nxe3 19.fxe3 O-O-O 20.Bd3 Kb8 21.Ne1 Qe7 22.Nc2 Rhf8
23.Rc1 Rc8 24.Nxb4 Qxb4 25.Rxc8+ Nxc8 26.Qc2 Na7 27.Qb2 f6 28.exf6 gxf6 29.g4 Qd6
30.Qh2 Qc7 31.Qxc7+ Kxc7 32.Kf2 Nc6 33.Rc1 Kd6 34.Bb5 Ne7 35.Bd3 Rc8 36.Rxc8 Nxc8
37.Kf3 e5 38.Bf5 Ne7 39.Kg3 exd4 40.exd4 Nc6 41.Bc8 Nxd4 42.Bxb7 Nxb3 43.Ba6 Nc5
44.Bb7 Ne4+ 45.Kf4 Nc3 46.Bc8 d4 47.h4 Nd5+ 48.Ke4 Kc5 49.Kd3 Nb4+ 50.Ke4 Na2
51.Kd3 Nc3 52.Bd7 Kd5 53.Be8 Ne4 54.Bf7+ Ke5 55.Bh5 Nc5+ 56.Kc4 Nxa4 57.Kb5 Nb2
58.Kxa5 d3 59.Kb4 d2 60.g5 fxg5 61.Kc3 d1=Q 62.Bxd1 Nxd1+ 63.Kd2 g4 64.Kxd1 Kf4
65.Ke2 Kg3 66.h5 Kh4 67.Kf2 Kxh5 68.Kg2 Kg5 69.Kg3 h5 70.Kf2 Kf4 71.Kg2 h4
72.Kf2 g3+ 73.Kg2 Kg4 74.Kf1 h3 75.Kg1 Kf3 76.Kh1 g2+ 77.Kg1 h2+  0-1

[Event "Congress Premier"]
[Site "Edinburgh SCO"]
[Date "2009.04.03"]
[Round "1"]
[White "Shaw,J"]
[Black "Grant,A"]
[Result "1/2-1/2"]
[WhiteElo "2469"]
[BlackElo "2209"]

1.e4 c5 2.c3 Nf6 3.e5 Nd5 4.Nf3 e6 5.d4 cxd4 6.cxd4 d6 7.Bc4 Nb6 8.Bd3 Nc6
9.O-O dxe5 10.dxe5 Nb4 11.Be4 Qxd1 12.Rxd1 N4d5 13.Nc3 Nxc3 14.bxc3 Na4 15.Bg5 Be7
16.Rac1 Nc5 17.Bc2 Bd7 18.Be3 h6 19.Nd2 O-O-O 20.Nc4 Bc6 21.Nd6+ Bxd6 22.exd6 b6
23.Bxc5 bxc5 24.Bb3 Kd7 25.Rd3 Bb5 26.Rd2 c4 27.Bd1 Bc6 28.Bf3 Bxf3 29.gxf3 Rb8
30.Re1 Rhc8 31.Re5 Rb6 32.Ra5 a6 33.Kg2 Rcc6 34.Rd4 Rxd6 35.Rxc4 Rbc6 36.Rxc6 Rxc6
37.c4 g5 38.f4 gxf4 39.Kf3 Ke7 40.Kxf4 Rxc4+ 41.Kg3 Rc6 42.Rh5 Rc3+ 43.f3 Ra3
44.Rxh6 Rxa2 45.Rh8 Kf6 46.Rg8 Ra1 47.Kg2 Ra2+  1/2-1/2

[Event "TCh-HUN 2008-9"]
[Site "Decs HUN"]
[Date "2009.04.05"]
[Round "10"]
[White "Radnai,A"]
[Black "Taskovits,I"]
[Result "1-0"]
[WhiteElo "2286"]
[BlackElo "2326"]

1.e4 c5 2.c3 Nf6 3.e5 Nd5 4.Bc4 Nb6 5.Bb3 Nc6 6.Nf3 d5 7.exd6 Qxd6 8.Na3 a6
9.O-O g6 10.Ng5 e6 11.d3 Bg7 12.Ne4 Qe7 13.Bg5 f6 14.Bf4 e5 15.Be3 Nd7 16.Nc4 f5
17.Ned6+ Kf8 18.f4 Nd8 19.fxe5 Bxe5 20.Nxf5 gxf5 21.Rxf5+ Nf6 22.Qh5 Nf7
23.Rxf6  1-0

[Event "10th TCh-RUS w"]
[Site "Dagomys RUS"]
[Date "2009.04.07"]
[Round "5"]
[White "Solovjova,V"]
[Black "Gaponenko,I"]
[Result "1-0"]
[WhiteElo "2305"]
[BlackElo "2428"]

1.e4 c5 2.c3 Nf6 3.e5 Nd5 4.d4 cxd4 5.cxd4 d6 6.Nf3 Nc6 7.Bc4 e6 8.O-O Be7
9.Qe2 O-O 10.Nc3 Nxc3 11.bxc3 dxe5 12.dxe5 b6 13.Qe4 Qc7 14.Bg5 Bb7 15.Bd3 g6
16.Qh4 Rfe8 17.Bxe7 Nxe7 18.Ng5 h5 19.Be4 Nf5 20.Qf4 f6 21.Bxb7 fxg5 22.Qe4 Rab8
23.Ba6 Red8 24.Bc4 Kf7 25.Rad1 Rbc8 26.Bb3 b5 27.h3 a5 28.g4 hxg4 29.hxg4 Nh4
30.f4 Rxd1 31.Bxd1 Qxc3 32.fxg5+ Ke7 33.Qf4 Re8 34.Bb3 Qc5+ 35.Kh2 Nf5 36.gxf5 Rh8+
37.Kg2 gxf5 38.g6 Qc3 39.Rc1 Qh3+ 40.Kf2 Rh4 41.Qg5+ Kd7 42.Qd2+  1-0

[Event "11th European Senior Team"]
[Site "Velden AUT"]
[Date "2009.04.07"]
[Round "3"]
[White "Rahls,P"]
[Black "Danner,G"]
[Result "0-1"]
[WhiteElo "2280"]
[BlackElo "2445"]

1.e4 c5 2.c3 Nf6 3.e5 Nd5 4.d4 cxd4 5.cxd4 d6 6.Nf3 Nc6 7.Bc4 Nb6 8.Bb3 dxe5
9.d5 Na5 10.Nc3 Nxb3 11.Qxb3 e6 12.Bg5 Be7 13.Bxe7 Qxe7 14.d6 Qxd6 15.O-O O-O
16.Rfd1 Qe7 17.a4 f6 18.Rac1 Rd8 19.Rxd8+ Qxd8 20.Rd1 Qe7 21.Nd2 Nd5 22.a5 Nxc3
23.bxc3 Rb8 24.Ne4 b6 25.Nd6 Bd7 26.c4 Bc6 27.c5 b5 28.h3 Rd8 29.a6 g6 30.Qb4 e4
31.Re1 e5 32.Nxb5 f5 33.Nd6 Qe6 34.Qa5 Rd7 35.Qb4 Kg7 36.Rd1 f4 37.Kh2 e3
38.fxe3 fxe3 39.Re1 Qd5 40.Qg4 Qxc5 41.Nf5+ Kh8 42.Nxe3 e4 43.Qg3 Qd6 44.Rb1 Qxg3+
45.Kxg3 Kg7 46.Nc4 Kf6 47.Na5 Rd3+ 48.Kh2 Bd5 49.Nb7 Ke5 50.Nc5 Rd2 51.Nd7+ Ke6
52.Nf8+ Kd6 53.Nxh7 e3 54.Kg3 Rxg2+ 55.Kf4 e2 56.Re1 Rf2+ 57.Ke3 Rf7 58.Ng5 Re7+
59.Kd4 Bc6 60.h4 Kc7 61.Kc5 Bg2 62.Kb5 Re5+ 63.Kc4 Kb6 64.Kd4 Re7 65.Kd3 Bc6
66.Kd2 Bb5 67.Nf3 Bxa6 68.Rg1 Rd7+ 69.Ke3 Rd6 70.Nd4 Bc4 71.Nf3 Bb5 72.Kf2 Rf6
73.Ke3 a6 74.Nd4  0-1

[Event "11th European Senior Team"]
[Site "Velden AUT"]
[Date "2009.04.07"]
[Round "3"]
[White "Braun,Go"]
[Black "Feller,J"]
[Result "1-0"]
[WhiteElo "2318"]
[BlackElo "2214"]

1.e4 c5 2.c3 Nf6 3.e5 Nd5 4.d4 cxd4 5.cxd4 e6 6.Nf3 b6 7.Nc3 Nxc3 8.bxc3 Qc7
9.Bd2 Be7 10.Bd3 Ba6 11.Bxa6 Nxa6 12.O-O Rc8 13.Bg5 f6 14.exf6 Bxf6 15.Bxf6 gxf6
16.Rc1 O-O 17.c4 Kh8 18.Qd2 Rg8 19.Rfe1 Rg7 20.Nh4 Rcg8 21.Qh6 Qd8 22.Rc3 Qf8
23.Rh3 Qf7 24.Rf3 f5 25.Rg3 Rxg3 26.hxg3 Rc8 27.Nf3 Qg7 28.Qc1 Nb4 29.Qd2 a5
30.a3 Na6 31.Rb1 Rb8 32.Qf4 Qf8 33.Ne5 Qe8 34.g4 d6 35.gxf5 exf5 36.Nf3 Qe4
37.Qxe4 fxe4 38.Ng5 d5 39.cxd5 b5 40.d6 b4 41.d7  1-0

[Event "11th European Senior Team"]
[Site "Velden AUT"]
[Date "2009.04.08"]
[Round "4"]
[White "Gneiss,K"]
[Black "Rooze,J"]
[Result "0-1"]
[WhiteElo "2119"]
[BlackElo "2283"]

1.e4 c5 2.c3 Nf6 3.e5 Nd5 4.d4 cxd4 5.Nf3 e6 6.cxd4 d6 7.Bd3 Nb4 8.O-O Nxd3
9.Qxd3 dxe5 10.Nxe5 Nd7 11.Qb3 Be7 12.Nc3 Nb6 13.Rd1 O-O 14.Bf4 a5 15.d5 Nxd5
16.Nxd5 exd5 17.Rxd5 Qe8 18.Qg3 Be6 19.Rd2 Kh8 20.Nf3 Ra6 21.a3 Qc8 22.Nd4 Bd5
23.Nb5 Rg6 24.Rxd5 Rxg3 25.hxg3 Rd8 26.Nd6 Bxd6 27.Rc1 Qe6 28.Rxd6 Rxd6 29.Bxd6 h6
30.Bc5 Qe5 31.Rc3 Qe1+ 32.Kh2 Qd2 33.Rb3 Qd5 34.Rc3 b5 35.Be3 Qh5+ 36.Kg1 Kh7
37.Rc5 Qe2 38.Kh2 Qxb2  0-1

[Event "16th TCh-RUS Premier"]
[Site "Dagomys RUS"]
[Date "2009.04.09"]
[Round "6"]
[White "Deviatkin,A"]
[Black "Tregubov,P"]
[Result "1/2-1/2"]
[WhiteElo "2566"]
[BlackElo "2628"]

1.e4 c5 2.c3 Nf6 3.e5 Nd5 4.g3 Nc6 5.Bg2 e6 6.Nf3 d6 7.exd6 Bxd6 8.d4 cxd4
9.Nxd4 Nxd4 10.Qxd4 O-O 11.O-O Qc7 12.c4 Nf6 13.Nc3 Bd7 14.Be3 Be5 15.Qd3 Rfd8
16.Rac1 Bc6 17.Qe2 Bxg2 18.Kxg2 a6 19.f3 h6 20.Rfd1 Rxd1 21.Nxd1 Rd8 22.Nf2 Ne8
23.b3 Qa5 24.Rd1 Rxd1 25.Qxd1 Nd6 26.f4 Nf5 27.Bd2 Bc3 28.Bxc3 Qxc3 29.Qd8+ Kh7
30.Qd3 Qxd3 31.Nxd3 Kg8 32.Kf3 Kf8 33.Ke4 Ke7 34.c5 h5 35.b4 f6 36.a4 Kd7
37.b5 axb5 38.axb5 Kc7 39.Nb4 b6 40.Na6+ Kb7 41.Kd3 h4 42.gxh4 Nxh4 43.c6+ Kc8
44.Nb4 Nf5 45.Nc2 Nd6 46.Na3 Kc7 47.h3 Kd8 48.Kc3 Kc7 49.Kb4 Ne4 50.Nc2 Nf2
51.f5 Nxh3 52.fxe6 Nf4 53.Ne3 Nxe6 54.Nd5+ Kd6 55.Nxb6 g5 56.Nc4+ Kc7 57.Ne3 f5
58.Nxf5 g4 59.Ka5 g3 60.Nxg3 Nd4 61.b6+ Kc8 62.b7+ Kc7 63.Ka6 Nxc6 64.Ne4 Nd8
65.Nd6  1/2-1/2

[Event "47th Doeberl Cup Premier"]
[Site "Canberra AUS"]
[Date "2009.04.10"]
[Round "3"]
[White "Yuan,Y2"]
[Black "Oliver,G"]
[Result "1-0"]
[WhiteElo "2010"]
[BlackElo "2187"]

1.e4 c5 2.c3 Nf6 3.e5 Nd5 4.Nf3 Nc6 5.Na3 Qc7 6.d4 e6 7.Bd3 cxd4 8.cxd4 Ncb4
9.Be4 b6 10.O-O Ba6 11.Re1 d6 12.Bxd5 Nxd5 13.Qa4+  1-0

[Event "47th Doeberl Cup Premier"]
[Site "Canberra AUS"]
[Date "2009.04.10"]
[Round "4"]
[White "Dragicevic,Do"]
[Black "Neelotpal,D"]
[Result "1/2-1/2"]
[WhiteElo "2251"]
[BlackElo "2514"]

1.e4 c5 2.c3 Nf6 3.e5 Nd5 4.d4 cxd4 5.Nf3 e6 6.cxd4 d6 7.Bc4 Nb6 8.Bb3 dxe5
9.Nxe5 Nc6 10.Nxc6 bxc6 11.O-O Be7 12.Nc3 O-O 13.Ne4 Nd5 14.Re1 Qa5 15.Bg5 Bxg5
16.Nxg5 h6 17.Ne4 Rd8 18.Rc1 Qb6 19.Nc5 Nf6 20.Re3 Kf8 21.Qd2 Rb8 22.Rf3 Qb4
23.Qf4 Rxd4 24.Qc7 Ra8 25.Qxc6 Rb8 26.Qc7 Qb6 27.Qe5 Qd6 28.Qxd6+ Rxd6 29.Rfc3 Rd8
30.R3c2 Ke7 31.Kf1 Nd5 32.Ke1 Nb6 33.Rc3 Rd4 34.Rg3 Kf6 35.Rf3+ Ke7 36.Rg3 Kf8
37.Rf3  1/2-1/2

[Event "47th Doeberl Cup Premier"]
[Site "Canberra AUS"]
[Date "2009.04.11"]
[Round "6"]
[White "Dragicevic,Do"]
[Black "Amrutha,M"]
[Result "1-0"]
[WhiteElo "2251"]
[BlackElo "2155"]

1.e4 c5 2.c3 Nf6 3.e5 Nd5 4.d4 cxd4 5.Nf3 e6 6.cxd4 d6 7.Bc4 Nb6 8.Bb3 Nc6
9.Qe2 Be7 10.O-O O-O 11.Nc3 dxe5 12.dxe5 Nd7 13.Bf4 Nc5 14.Rad1 Qa5 15.Bc2 Qb4
16.Bg3 g6 17.Bb1 Qg4 18.a3 a5 19.Ne4 Nxe4 20.Bxe4 a4 21.h3 Qh5 22.Qc2 Ra6
23.Rd2 f5 24.exf6 Bxf6 25.Re1 Kg7 26.Rd6 Rb6 27.Qxa4 Qb5 28.Qxb5 Rxb5 29.b4 Ne7
30.Bd3 Rd5 31.Bc4 Rxd6 32.Bxd6 Rd8 33.Bxe7 Bxe7 34.Bxe6 Bxe6 35.Rxe6 Kf7
36.Rb6 Rd1+ 37.Kh2 Rd3 38.Ne5+  1-0

[Event "ArcelorMittal Open"]
[Site "Frydek Mistek CZE"]
[Date "2009.04.12"]
[Round "7"]
[White "Zavadil,M"]
[Black "Leks,H"]
[Result "1-0"]
[WhiteElo "2039"]
[BlackElo "2174"]

1.e4 c5 2.c3 Nf6 3.e5 Nd5 4.d4 cxd4 5.cxd4 d6 6.Nf3 Nc6 7.Bc4 Nb6 8.Bb5 dxe5
9.Nxe5 Bd7 10.Nxd7 Qxd7 11.Nc3 e6 12.O-O Be7 13.Qg4 O-O 14.Bxc6 bxc6 15.Bh6 Bf6
16.Rfd1 Kh8 17.Ne4 Qe7 18.Bf4 Rfd8 19.Be5 Bxe5 20.dxe5 Rd5 21.Rxd5 cxd5 22.Nd6 f6
23.f4 Nc8 24.Re1 f5 25.Qg5 Qf8 26.Qd8 Kg8 27.Qxf8+ Kxf8 28.Rc1 Nxd6 29.exd6 Rd8
30.Rc6 Kf7 31.Kf2 Rb8 32.b3 Rb6 33.Rxb6 axb6 34.Ke3 Ke8 35.Kd4 Kd7 36.Ke5 d4
37.Kxd4 Kxd6 38.a4 g5 39.g3 g4 40.b4 h5 41.a5  1-0

[Event "KFP Cup"]
[Site "Frydek Mistek CZE"]
[Date "2009.04.12"]
[Round "7"]
[White "Bazant,P jr"]
[Black "Toma,K"]
[Result "1-0"]
[WhiteElo "2394"]
[BlackElo "2218"]

1.e4 c5 2.c3 Nf6 3.e5 Nd5 4.d4 cxd4 5.Nf3 Nc6 6.cxd4 d6 7.Bc4 Nb6 8.Bb3 d5
9.Nc3 Bg4 10.Be3 e6 11.O-O Rc8 12.Rc1 Be7 13.Ne2 O-O 14.Ne1 Na5 15.Rxc8 Qxc8
16.Bc2 Nac4 17.Bc1 Qc6 18.f3 Bf5 19.Bxf5 exf5 20.Qd3 g6 21.b3 Na3 22.Bh6 Rc8
23.g4 g5 24.Bxg5 Bxg5 25.f4 Be7 26.gxf5 Kh8 27.f6 Bb4 28.Qh3 Rg8+ 29.Kf2 Bxe1+
30.Rxe1 Qe8 31.Rc1 Na8 32.Ng1 Qe6 33.Qxe6 fxe6 34.Nf3 Nb5 35.Ng5 Re8 36.f7  1-0

[Event "11th European Senior Team"]
[Site "Velden AUT"]
[Date "2009.04.12"]
[Round "8"]
[White "Kirmas,J"]
[Black "Lyly,S"]
[Result "1-0"]
[WhiteElo "2134"]
[BlackElo "2013"]

1.e4 c5 2.c3 Nf6 3.e5 Nd5 4.d4 e6 5.Nf3 cxd4 6.Qxd4 Nc6 7.Qe4 d6 8.Nbd2 dxe5
9.Nxe5 Nxe5 10.Qxe5 Qf6 11.Bb5+ Bd7 12.Bxd7+ Kxd7 13.Qe4 Qf4 14.Qd3 Qe5+
15.Kf1 Ke7 16.Nf3 Qf5 17.Qe2 Nb6 18.b3 f6 19.Be3 Nd5 20.Bd2 Nc7 21.Qc4 Qb5
22.Qxb5 Nxb5 23.Ke2 Kf7 24.a4 Nd6 25.Rac1 Ne4 26.Be3 Ba3 27.Rc2 Rhc8 28.Kd3 Nc5+
29.Bxc5 Bxc5 30.b4 Be7 31.Rb1 Rd8+ 32.Ke2 Rac8 33.c4 b6 34.Ke3 e5 35.a5 Ke6
36.a6 g5 37.b5 g4 38.Nd2 f5 39.Ke2 Rd4 40.Rb3 e4 41.f3 Ke5 42.fxe4 fxe4 43.Rg3 h5
44.h3 Bh4 45.Rgc3 Be7 46.Nb3 Rd7 47.c5 bxc5 48.Nxc5 Rdc7 49.Nxe4 Rxc3 50.Rxc3 Rxc3
51.Nxc3 Bd6 52.hxg4 hxg4 53.b6 Bb8 54.bxa7 Bxa7  1-0

[Event "47th Doeberl Cup Premier"]
[Site "Canberra AUS"]
[Date "2009.04.13"]
[Round "9"]
[White "Xie,G"]
[Black "Reinderman,D"]
[Result "1/2-1/2"]
[WhiteElo "2402"]
[BlackElo "2560"]

1.e4 c5 2.c3 Nf6 3.e5 Nd5 4.Nf3 Nc6 5.d4 cxd4 6.Bc4 Nb6 7.Bb3 d5 8.exd6 Qxd6
9.Na3 dxc3 10.Qxd6 exd6 11.Nb5 Rb8 12.bxc3 Be7 13.Bf4 O-O 14.O-O-O Be6 15.Nxd6 Na5
16.Rhe1 Nxb3+ 17.axb3 Rbd8 18.c4 Rd7 19.Ng5 Bxg5 20.Bxg5 Nc8 21.Nb5 Rxd1+
22.Rxd1 f6 23.Be3 b6 24.Kb2 Rf7 25.Rd8+ Rf8 26.Rd1 Rf7 27.c5 bxc5 28.Rd8+ Rf8
29.Rxf8+ Kxf8 30.Bxc5+ Kf7 31.Nxa7 Nxa7 32.Bxa7 Ke7 33.Bc5+ Kd7 34.Bf8 g6
35.Kc3 Bd5 36.g3 Bf3 37.Kc4 Bg2 38.Kc5 Bf3 39.h4 Bg2 40.b4 Bf3 41.Bg7 f5
42.Kd4 Ke6 43.Ke3 Bb7 44.Kf4 Bc6 45.Kg5 Kf7 46.Kh6 Kg8 47.Bd4 Bb5 48.h5 Kf7
49.Kxh7 gxh5 50.Kh6 Be2 51.Kg5 Ke6 52.Bg7 Bg4 53.b5 Kd7 54.Be5 Kc8 55.Kf6 Bh3
56.Bd4 Kb7 57.Ke5 Bg4 58.Kf6 Kc7 59.Ke5 Kb7 60.Kd6 Be2 61.Kc5 Bf3 62.Be3 Be2
63.Bf4 Bf1 64.Bg5 Be2 65.Bd8 Bf1 66.Ba5 Be2 67.b6 Bg4 68.Bd2  1/2-1/2

[Event "ch-MGL"]
[Site "Ulan Bator MGL"]
[Date "2009.04.15"]
[Round "7"]
[White "Enkhsaikhan,B"]
[Black "Batchuluun,T"]
[Result "1/2-1/2"]
[WhiteElo "2146"]
[BlackElo "2391"]

1.e4 c5 2.c3 Nf6 3.e5 Nd5 4.d4 e6 5.Nf3 cxd4 6.cxd4 d6 7.Bc4 Nc6 8.O-O Be7
9.Qe2 O-O 10.Nc3 Nxc3 11.bxc3 dxe5 12.dxe5 b6 13.Qe4 Bb7 14.Bd3 g6 15.Bh6 Re8
16.Qe3 Bc5 17.Qe2 Ne7 18.Bb5 Bc6 19.Bxc6 Nxc6 20.h4 Ne7 21.Bg5 Qc7 22.Nd2 Kf8
23.Bf6 Ng8 24.Ne4 Be7 25.Bxe7+ Rxe7 26.f4 Rd8 27.Rfd1 Red7 28.Rxd7 Qxd7 29.Nd6 Qc6
30.c4 h5 31.g4 Qc5+ 32.Kg2 hxg4 33.Qxg4 Qe3 34.Rf1 Rd7 35.Qg5 Ne7 36.Qf6 Ng8
37.Qg5 Ne7 38.Qf6 Qe2+ 39.Rf2 Qg4+ 40.Kh2 Ng8 41.Qg5 Qh5 42.Qxh5 gxh5 43.Rc2 Ne7
44.Kg3 f6 45.c5 bxc5 46.Rxc5 fxe5 47.fxe5 Ng6 48.Rc8+ Kg7 49.Re8 Re7 50.Rxe7+ Nxe7  1/2-1/2

[Event "Sydney International Open"]
[Site "Parramatta AUS"]
[Date "2009.04.16"]
[Round "3"]
[White "Xie,G"]
[Black "Neelotpal,D"]
[Result "1-0"]
[WhiteElo "2402"]
[BlackElo "2514"]

1.e4 c5 2.c3 Nf6 3.e5 Nd5 4.Nf3 e6 5.Bc4 Nb6 6.Bb3 c4 7.Bc2 Nc6 8.O-O d6
9.exd6 Bxd6 10.d4 cxd3 11.Qxd3 Be7 12.Qe4 Nd5 13.Rd1 Qc7 14.Na3 a6 15.Bg5 b6
16.Bxe7 f5 17.Qa4 Kxe7 18.Bxf5 Nf4 19.Re1 Bd7 20.Nc4 b5 21.Qa3+ Kf6 22.Ne3 exf5
23.g3 Nh3+ 24.Kg2 Be6 25.Qc5 Qc8 26.Rad1 Rd8 27.Rxd8 Nxd8 28.Qe5+ Kf7 29.Nxf5 Bxf5
30.Qe7+ Kg6 31.Ne5+  1-0